000 00464nam a2200181Ia 4500
001 20772
005 20260306172830.0
008 260306t2010||||xx |||||||||||||| ||spa||
041 _aESP
082 _a343.8
_bA69
100 _aArévalo Mogollón, Jorge Gabriel
_eAUT
245 0 _aFiscalización y procedimiento contensioso tributario
260 _c2010
300 _a311 páginas :
_c24 cm.
650 _aGEN
654 _aCDE
942 _cLIB
_dJUS
_fJUS
_2ddc
_n
999 _c20772
_d20772